000
00270nam a22001217a 4500
040
_c
SY
082
_a
572
100
_a
ញ៉ែម ថារី
245
_a
គីមីជីវវិទ្យា
260
_a
RUA
_b
ញ៉ែម
_c
2016
300
_a
39p.
942
_c
KB
999
_c
9089
_d
9089